000 00269nam a22001217a 4500
082 _a823
_bUNK/L
100 _aUNKNOWN
245 _aLION ACTIVITY PLAY BOOK
260 _aNEW YORK
_bLADY BIRD BOOKS
300 _a13
650 _aENGLISH STORY
_zUNITED STATES
942 _cBK
999 _c7592
_d7592